| 000 | 01015nam a22003015a 4500 | ||
|---|---|---|---|
| 999 |
_c12715 _d12715 |
||
| 003 | EG-ScBuE | ||
| 005 | 20210210103620.0 | ||
| 008 | 090826s2004 ua f 000 p ara d | ||
| 017 | _a2004/5565 | ||
| 020 | _a9773057054 | ||
| 040 |
_aEG-ScBuE _bara _erda _cEG-ScBuE _dEG-ScBuE |
||
| 082 | 0 | 4 |
_a892.716 _bع د ي _222 |
| 100 | 1 |
_98678 _aالعديسي، السيد، _eمؤلف. |
|
| 245 | 1 | 0 |
_aقبلى النجع : _bشعر / _cالسيد العديسي. |
| 250 | _aالطبعة الأولى. | ||
| 264 | 1 |
_aالقاهرة : _bالهيئة العامة لقصور الثقافة، _c2004. |
|
| 300 |
_a88 صفحة ؛ _c20 سم. |
||
| 336 |
_2rdacontent _aنص _btxt |
||
| 337 |
_2rdamedia _aبدون وسيط _bn |
||
| 338 |
_2rdacarrier _aمجلد _bnc |
||
| 490 | 0 |
_a؛ إبداعات _v216 |
|
| 590 | _ayassmeen ashraf | ||
| 650 | 7 |
_97995 _aالشعر العربي _zدواوين وقصائد. _2BUEsh |
|
| 651 | _2BUEsh | ||
| 653 |
_cJuly2011 _bARALIT |
||
| 655 |
_vReading book _934232 |
||
| 942 |
_2ddc _cBB |
||